Central Library OPAC University of Rajshahi

Atomic physics / (Record no. 37786)

MARC details
000 -LEADER
fixed length control field 00808nam a2200277 a 4500
001 - CONTROL NUMBER
control field 37786
003 - CONTROL NUMBER IDENTIFIER
rucl marc code BD-RjUL
005 - DATE AND TIME OF LATEST TRANSACTION
control field 20211209052644.0
008 - FIXED-LENGTH DATA ELEMENTS--GENERAL INFORMATION
fixed length control field 150603s1960 ii ac b 000 0 eng
035 ## - SYSTEM CONTROL NUMBER
System control number (BD-RjUL)37891
System control number (OCoLC)5201113
040 ## - CATALOGING SOURCE
Original cataloging agency DLC
Transcribing agency PPiU
Modifying agency DLC
Language of cataloging eng
041 ## - LANGUAGE CODE
Language code of text/sound track or separate title eng
082 ## - DEWEY DECIMAL CLASSIFICATION NUMBER
Classification number 539.7
Author mark and year RAA 1960
100 1# - MAIN ENTRY--PERSONAL NAME
Personal name Rajam, J. B.
9 (RLIN) 117016
245 10 - TITLE STATEMENT
Title Atomic physics /
Statement of responsibility, etc. by J. B. Rajam. With a forewod by Louis De Broglie.
250 ## - EDITION STATEMENT
Edition statement 6th ed.
260 ## - PUBLICATION, DISTRIBUTION, ETC. (IMPRINT)
Place of publication, distribution, etc. Delhi :
Name of publisher, distributor, etc. S. Chand,
Date of publication, distribution, etc. 1960.
300 ## - PHYSICAL DESCRIPTION
Pagination xviii, 1262 p. :
Illustrations illus., ports. ;
Size 22 cm.
504 ## - BIBLIOGRAPHY, ETC. NOTE
Bibliography, etc Includes Bibliographical references and index.
650 #0 - SUBJECT ADDED ENTRY--TOPICAL TERM
Topical term or geographic name as entry element Nuclear physics.
9 (RLIN) 116600
700 ## - ADDED ENTRY--PERSONAL NAME
Personal name Broglie, Louis De
942 ## - ADDED ENTRY ELEMENTS (KOHA)
Source of classification or shelving scheme Dewey Decimal Classification
Koha item type Books
Holdings
Lost status Source of classification or shelving scheme Damaged status Not for loan Collection code Permanent Location Current Location Shelving location Date acquired Total Checkouts Full call number Date last seen Date checked out Copy number Koha item type Source of acquisition Cost, normal purchase price
  Dewey Decimal Classification     Non-fiction Central Library, University of Rajshahi Central Library, University of Rajshahi   04/07/2015 5 539.7 RAA 1960 19/02/2017 13/02/2017 C-2 Books    
  Dewey Decimal Classification   Not For Loan Non-fiction Central Library, University of Rajshahi Central Library, University of Rajshahi Reading Room 01/11/1962   539.7 RAA 1960 15/12/2019   C-1 Books B. Azad lib. 37.50